Không gian nghệ thuật trong Truyện Kiều của Nguyễn Du
Những vấn đề chung liên quan đến đề tài. Những biểu hiện cơ bản của không gian nghệ thuật trong Truyện Kiều của Nguyễn Du.
Guardado en:
| Autor principal: | |
|---|---|
| Otros Autores: | |
| Formato: | Libro |
| Lenguaje: | Vietnamese |
| Publicado: |
Đà Nẵng Đà Nẵng
Trường Đại học Sư phạm
2008
|
| Materias: | |
| Etiquetas: |
Agregar Etiqueta
Sin Etiquetas, Sea el primero en etiquetar este registro!
|
| Thư viện lưu trữ: | Mạng thư viện Đại học Đà Nẵng |
|---|
| LEADER | 01421nam a2200337 4500 | ||
|---|---|---|---|
| 001 | 000010973 | ||
| 003 | 7200 | ||
| 005 | 20111227081254.0 | ||
| 008 | 111227s2008 viesd | ||
| 041 | |a vie | ||
| 072 | |a Khóa luận tốt nghiệp | ||
| 082 | |a 895.9221 |b LÊ-T | ||
| 100 | 1 | |a Lê Quỳnh Trang | |
| 245 | 1 | |a Không gian nghệ thuật trong Truyện Kiều của Nguyễn Du |c Lê Quỳnh Trang | |
| 260 | |a Đà Nẵng Đà Nẵng |b Trường Đại học Sư phạm |c 2008 | ||
| 300 | |a 57 tr. |c 29 cm | ||
| 500 | |a Khóa luận tốt nghiệp Đại học. Chuyên ngành: Ngành Sư phạm Ngữ văn | ||
| 520 | |a Những vấn đề chung liên quan đến đề tài. Những biểu hiện cơ bản của không gian nghệ thuật trong Truyện Kiều của Nguyễn Du. | ||
| 653 | |a Khóa luận tốt nghiệp Đại học | ||
| 653 | |a Khoa Ngữ văn | ||
| 700 | 1 | |a Lương Ngọc Hà |c Th.s |e Hướng dẫn | |
| OWN | |a LSP | ||
| AVA | |a UDN50 |b LSP |d 895.9221 LÊ-T |e available |t Error 5001 Not defined in file expand_doc_bib_avail. |f 1 |g 0 |h N |i 0 |k 1 | ||
| 999 | |a From the UDN01 | ||
| AVA | |a UDN50 |b LSP |d 895.9221 LÊ-T |e available |t Error 5001 Not defined in file expand_doc_bib_avail. |f 1 |g 0 |h N |i 0 |k 1 | ||
| TYP | |a Monograph | ||
| TYP | |a Printed language | ||
| 980 | |a Mạng thư viện Đại học Đà Nẵng | ||